Statistics for DC Universe Quiz

Click here to take the quiz!

General Stats

  • This quiz has been taken 69 times
  • The average score is 22 of 45

Answer Stats

Clue Answer % Correct
The Planet Kal-El hails fromKrypton
90%
The City Clark Kent grew up inSmallville
88%
The City Superman protectsMetropolis
83%
Clark Kent's place of employmentThe Daily Planet
81%
The substance that weakens SupermanKryptonite
79%
Lex Luthor's companyLexcorp
79%
Bruce Wayne's companyWayne Enterprises
76%
The First RobinDick Grayson
74%
The city the Flash ProtectsCentral City/ Keystone city
74%
Where Superman goes to be aloneFortress of Solitude
72%
Wonder Woman's civilian nameDiana Prince
67%
The Second RobinJason Todd
66%
The Third RobinTim Drake
64%
The Fifth RobinDamian Wayne
62%
The Robin that came back to life as Red HoodJason Todd
62%
How many times the DC Universe has been rebooted4
60%
What all speedsters are connected toThe Speed Force
60%
Golden Age FlashJay Garrick
60%
The island Wonder Woman grew up onThemyscira
57%
How many colors of the emotional spectrum there are7
57%
The home of the Green Lantern CorpsOa
52%
What DC's newest reboot is calledThe New 52
52%
SuperboyConner Kent
50%
Evil Egyptian member of Marvel familyBlack Adam
47%
The Planets of the bad New GodsApokolips
41%
What activates Kryptonian powersYellow sun
40%
Golden Age Green LanternAlan Scott
40%
The planet of hawk-like warrorsThanagar
36%
The event when black rings brought back the deadBlackest Night
33%
The emotion associated with Indigo lightCompassion
33%
The planet of the good New GodsNew Genesis
31%
Wonder Woman's sister and Wonder GirlDonna Troy
31%
The Fourth Robin (female)Stephanie Brown
29%
Thanagarian metal that negates gravityNth Metal
29%
The world with the Crime Society/SindicateEarth-3
28%
The planet Adam Strange protectsRann
28%
The Character who altered reality by punching the barrier of realitySuperboy-Prime
26%
The beam Adam Strange uses to travelZeta Beams
26%
How many parallel universes there are currently52
24%
How many characters were brought back after the event12
22%
The first crisisCrisis on Infinite Earths
22%
Wonder Woman snapped this man's neckMaxwell Lord
21%
The Middle-eastern nation ruled by Queen BeeBialya
19%
The Earth-3 character who orchestrated Infinite CrisisAlexander Luthor Jr.
14%
How many sectors the DC Universe is divided into3600
9%

Score Distribution

Percentile by Number Answered

Percent of People with Each Score

Your Score History

You have not taken this quiz